000 00599nam a22002297a 4500
003 UA-OsUOA
001 97293
007 ta
008 20130327b un ||||| |||| 00| 0 ukr d
100 _aОлейник М.
090 _a821.161.2
_bО-53
942 _cBK
040 _aUA-OsUOA
_brus
_cUA-OsUOA
_dUA-OsUOA
245 _aЖилюки
_bроман
300 _a446 с.
955 _a3
041 _arus
080 _a821.161.2
260 _aМ.
_bСоветский писатель
_c1986
650 7 _a82 Література. Літературознавство
_2UDC
999 _c383540
_d383540